Komu načim, komu nie rozhovor s Milanom Šútovcom ...

Bibliographic Details
Main Author: Kuzmíková, Jana, 1961- (ain)
Format: Article
Language:Slovak
ISSN:0231-6714
Subjects:

MARC

LEADER 00000nab a2200000 a 4500
001 vtls000748996
003 SK-MaSNL
005 20260302191534.0
008 131120c2000 xo 0 slo
015 |a SNBRB2001/02-06676 
035 |a CLN000100812 
040 |a SNKBUCL  |b slo  |c SNKBUCL  |e AACR2 
041 0 |a slo 
044 |a xo  |c SK 
080 |a 82:929:885.4  |2 1997 
080 |a 885.4:929  |2 1997 
080 |a 32-051  |2 1997 
100 1 |a Kuzmíková, Jana,  |d 1961-  |4 ain  |9 85176 
245 1 0 |a Komu načim, komu nie  |b rozhovor s Milanom Šútovcom ...  |c rozhovor pripravila Jana Kuzmíková 
500 |a Datované Bratislava 16.7.-30.8.2000 
600 1 7 |a Šútovec, Milan,  |d 1940-  |2 snkbucl  |9 106454 
655 7 |9 články z novín a časopisov  |2 snkbucl 
773 0 |t Romboid  |g Roč. 35, č. 7 (2000), s. 32-37  |x 0231-6714 
850 |a Slovenská národná knižnica v Martine 
852 |a SNK  |b KIS3GCP 
958 |a LX 
958 |a SK 
992 |a RBX 
999 |c 1437628  |d 1439558